Eastern Utah Libraries Catalog: Duchesne, Heber, Roosevelt, & Vernal

Born equal : (Record no. 415181)

MARC details
000 -LEADER
fixed length control field 02368cam a2200409 i 4500
001 - CONTROL NUMBER
control field 2025013993
003 - CONTROL NUMBER IDENTIFIER
control field DLC
005 - DATE AND TIME OF LATEST TRANSACTION
control field 20260127104052.0
007 - PHYSICAL DESCRIPTION FIXED FIELD--GENERAL INFORMATION
fixed length control field t
008 - FIXED-LENGTH DATA ELEMENTS--GENERAL INFORMATION
fixed length control field 250724s2025 nyua b 001 0 eng
010 ## - LIBRARY OF CONGRESS CONTROL NUMBER
LC control number 2025013993
020 ## - INTERNATIONAL STANDARD BOOK NUMBER
International Standard Book Number 9781541605190
Qualifying information (hardcover)
020 ## - INTERNATIONAL STANDARD BOOK NUMBER
Cancelled/invalid ISBN 9781541605206
Qualifying information (ebook)
035 ## - SYSTEM CONTROL NUMBER
System control number (OCoLC)1483813288
040 ## - CATALOGING SOURCE
Original cataloging agency DLC
Language of cataloging eng
Description conventions rda
Transcribing agency DLC
Modifying agency DLC-MRC
-- DLC
-- DLC-MRC
-- DLC
-- TnLvILS
042 ## - AUTHENTICATION CODE
Authentication code pcc
043 ## - GEOGRAPHIC AREA CODE
Geographic area code n-us---
050 00 - LIBRARY OF CONGRESS CALL NUMBER
Classification number KF4541
Item number .A877 2025
082 00 - DEWEY DECIMAL CLASSIFICATION NUMBER
Classification number 342.7302/9
Edition number 23/eng/20250724
092 ## - LOCALLY ASSIGNED DEWEY CALL NUMBER (OCLC)
Classification number general nonfiction
Item number 342.73 Amar, Akhil Reed
100 1# - MAIN ENTRY--PERSONAL NAME
Personal name Amar, Akhil Reed
Relator term author
Relator code aut
-- http://id.loc.gov/vocabulary/ relators/aut
9 (RLIN) 44447
245 10 - TITLE STATEMENT
Title Born equal :
Remainder of title remaking America's Constitution, 1840-1920 /
Statement of responsibility, etc Akhil Reed Amar.
250 ## - EDITION STATEMENT
Edition statement First edition.
264 #1 - Production, Publication, Distribution, Manufacture, and Copyright Notice.
Place of production, publication, distribution, manufacture New York :
Name of producer, publisher, distributor, manufacturer Basic Books,
Date of production, publication, distribution, manufacture, or copyr 2025.
300 ## - PHYSICAL DESCRIPTION
Extent 704 pages :
Other physical details illustrations (some color) ;
Dimensions 24 cm
336 ## - Content Type
Content type term text
337 ## - Media type
Media type term unmediated
338 ## - Carrier type
Carrier type term volume
504 ## - BIBLIOGRAPHY, ETC. NOTE
Bibliography, etc Includes bibliographical references and index.
505 0# - FORMATTED CONTENTS NOTE
Formatted contents note Pre-war -- War's eve -- Civil War -- Post war -- World war.
520 ## - SUMMARY, ETC.
Summary, etc "In Born Equal, the prizewinning constitutional historian Akhil Reed Amar recounts the dramatic constitutional debates that unfolded across these eight decades, when four glorious amendments abolished slavery, secured Black and female citizenship, and extended suffrage regardless of race or gender. At the heart of this era was the epic and ever-evolving idea that all Americans are created equal. The promise of birth equality sat at the base of the 1776 Declaration of Independence. But in the nineteenth century, remarkable American women and men-especially Elizabeth Cady Stanton, Frederick Douglass, Harriet Beecher Stowe, and Abraham Lincoln-elaborated a new vision of what this ideal demanded. Their debates played out from Seneca Falls to the halls of Congress, from Bloody Kansas to Gettysburg, from Ford's Theater to the White House gates, ultimately transforming the nation and the world"--
650 #0 - SUBJECT ADDED ENTRY--TOPICAL TERM
Topical term or geographic name as entry element Constitutional history
Geographic subdivision United States
9 (RLIN) 93122
650 #0 - SUBJECT ADDED ENTRY--TOPICAL TERM
Topical term or geographic name as entry element Constitutional amendments
Geographic subdivision United States
9 (RLIN) 95011
650 #0 - SUBJECT ADDED ENTRY--TOPICAL TERM
Topical term or geographic name as entry element Equality before the law
Geographic subdivision United States
9 (RLIN) 6440344
650 #0 - SUBJECT ADDED ENTRY--TOPICAL TERM
Topical term or geographic name as entry element Suffrage
Geographic subdivision United States.
9 (RLIN) 92292
942 ## - ADDED ENTRY ELEMENTS (KOHA)
Source of classification or shelving scheme Dewey Decimal Classification
Koha item type BOOK
Holdings
Withdrawn status Lost status Source of classification or shelving scheme Damaged status Not for loan Collection code Home library Current library Shelving location Date acquired Source of acquisition Total Checkouts Full call number Barcode Date last seen Cost, replacement price Price effective from Koha item type
    Dewey Decimal Classification     General NonFiction Wasatch County Library Wasatch County Library Second Floor 01/27/2026 Ingram   342.73 Amar 34301002106245 03/03/2026 40.00 01/27/2026 BOOK
This project was made possible through a grant from the Institute of Museum and Library Service administered by the Utah State Library Division.

Wasatch County Library

  • 465 East 1200 South, Heber City, Utah 84032
  • Phone 435-654-1511 | Fax 435-654-6456

Hours

  • Monday - Friday 9:30 AM - 8:00 PM
  • Saturday 9:30 AM - 1:30 PM
  • Closed Sundays and Holidays